Antropologická analýza kostier z areálu veľkomoravského hradiska v Pobedime

Bibliographic Details
Main Author: Jakab, Július, 1948- (Author)
Format: Book
Language:Slovak
PhysicalDescription:96 strán fotografie, tabuľky 30 cm
Published: Nitra Bratislava Archeologický ústav Slovenskej akadémie vied VEDA, vydavateľstvo Slovenskej akadémie vied 2021
ISBN:9788081960215
9788022419185
Series:Acta Interdisciplinaria Archaeologica
Subjects:

MARC

LEADER 00000cam a2200000 4500
001 vtls012129858
003 SK-MaSNL
005 20260301055411.0
008 220405s2021 xo ol frn 000 0 slo
015 |a SNBA2023/03 
020 |a 9788081960215  |q (Archeologický ústav SAV ;  |q viazané) 
020 |a 9788022419185  |q (VEDA, vydavateľstvo SAV ;  |q viazané) 
040 |a SNK  |b slo  |c SNK  |e rda 
041 0 |a slo  |b eng 
043 |a e-xo--- 
044 |a xo  |c SK 
072 7 |a 572  |x Antropológia  |2 konspekt 
072 7 |a 393  |x Smrť. Pohreby. Obyčaje pri úmrtí  |2 konspekt 
080 |a 572.71/.781:902  |2 2011 
080 |a 393.1:903.5  |2 2011 
080 |a 572:001.891  |2 2011 
080 |a 902:904  |2 2011 
080 |a 711.459.6"634/653"  |2 2011 
080 |a 94"04/14"  |2 2011 
080 |a (437.613)  |2 2011 
080 |a (048.83)  |2 2011 
080 |a (048.8)  |2 2011 
100 1 |a Jakab, Július,  |d 1948-  |4 aut  |9 102643 
245 1 0 |a Antropologická analýza kostier z areálu veľkomoravského hradiska v Pobedime  |c Július Jakab 
264 1 |a Nitra  |b Archeologický ústav Slovenskej akadémie vied  |a Bratislava  |b VEDA, vydavateľstvo Slovenskej akadémie vied  |c 2021 
300 |a 96 strán  |b fotografie, tabuľky  |c 30 cm 
336 |a text  |b txt  |2 rdacontent 
337 |a bez média  |b n  |2 rdamedia 
338 |a zväzok  |b nc  |2 rdacarrier 
490 1 |a Acta Interdisciplinaria Archaeologica  |v tomus XII 
500 |a Publikácia vznikla s podporou Agentúry na podporu výskumu a vývoja na základe Zmluvy APVV č. 16-0449 a APVV č. 19-0563 a Vedeckej grantovej agentúry Ministerstva školstva, vedy, výskumu a športu Slovenskej republiky a Slovenskej akadémie vied (projekty 2/0175/16, 2/0143/18, 2/0124/20) 
504 |a Bibliografia na strane 76-77 
546 |a Anglické resumé 
650 0 7 |a kostrové pozostatky človeka  |2 SNKPH  |9 75827 
650 0 7 |a kostrové hroby  |2 SNKPH  |9 90143 
650 0 7 |a antropologický výskum  |2 SNKPH  |9 69642 
650 0 7 |a archeologické nálezy  |2 SNKPH  |9 4975 
650 0 7 |a hradiská  |2 SNKPH  |9 93536 
650 0 7 |a stredovek  |2 SNKPH  |9 4259 
650 0 7 |a Human remains (Archaeology)  |2 SNKPHeng  |9 330324 
650 0 7 |a Skeleton graves  |2 SNKPHeng  |9 368943 
650 0 7 |a Anthropological research  |2 SNKPHeng  |9 368944 
650 0 7 |a Antiquities  |2 SNKPHeng  |9 101106 
650 0 7 |a Hillforts  |2 SNKPHeng  |9 202479 
650 0 7 |a Middle Ages  |2 SNKPHeng  |9 263011 
651 7 |a Pobedim (Slovensko)  |2 SNKPHgeo  |9 83963 
651 7 |a Pobedim (Slovakia)  |2 SNKPHeng  |9 368945 
655 7 |a analýzy  |2 SNKPH  |9 22242 
655 7 |a monografie  |2 SNKPH  |9 70139 
655 7 |a Analytic studies  |2 SNKPHeng  |9 278714 
655 7 |a Monographs  |2 SNKPHeng  |9 120675 
830 0 |a Acta Interdisciplinaria Archaeologica  |9 368946 
919 |a 978-80-8196-021-5 
919 |a 978-80-224-1918-5 
954 |a odborná, vedecká literatúra pôvodná (slovenská)  |2 lita 
958 |a NB 
999 |c 613283  |d 615213 
952 |a SNK  |b SNK  |y PREZ  |7 0  |p 17A1493740  |o snkSB 98400  |i snk2022/13857  |8 0  |0 0  |1 0  |4 0  |d 2022-09-12  |f 1  |l 0  |r 2025-05-19 00:00:00  |w 2026-02-23 
952 |a SNK  |b SNK  |y VYP  |7 0  |p 17A1454652  |o snkSB 98400 D1  |i snk2023/5971  |8 0  |0 0  |1 0  |4 0  |d 2023-04-13  |l 0  |r 2026-02-23 16:29:51  |w 2026-02-23